000 00452nam a2200193Ia 4500
008 210210b1885 xxu||||| |||| 00| 0 eng d
041 _aeng
082 _a515/52
100 _aEAGLES (T H)
245 _aConstructive geometry of plane curves
260 _aLondon
_bMacmillan & Co. Ltd.
_c1885
650 _aplane
650 _aof
650 _ageometry
650 _acurves
650 _aConstructive
690 _aGeometry
906 _a007617
999 _c140156
_d140156